| 000 | 00899cam a2200229 a 4500 | ||
|---|---|---|---|
| 020 | _a0857248677 | ||
| 020 | _a9780857248671 | ||
| 082 | 0 | 4 |
_a363.347 _bSHA _cM-38, P-110 |
| 100 |
_aRajib Shaw.,Editor _936357 |
||
| 245 | 0 | 0 |
_aCommunity based disaster risk reduction / _cedited by Rajib Shaw. |
| 250 | _a1st ed. | ||
| 260 |
_aBingley [England] : _bEmerald Group Pub., _c2012. |
||
| 300 |
_a402 p. : _bill., maps, charts ; _c24 cm. |
||
| 490 | 1 | _aCommunity, environment and disaster risk management ; | |
| 505 | 0 | _apt. 1. Overview -- pt. 2. Asian experiences -- pt. 3. Central American experiences -- pt. 4. African experiences -- pt. 5. The way ahead. | |
| 526 |
_a0 _b0 _c0 _d363_347000000000000_SHA |
||
| 526 |
_a0 _b0 _c0 _d363_347000000000000_SHA |
||
| 650 | 0 |
_aEmergency management _xCitizen participation. _924200 |
|
| 650 | 0 | _aEmergency management. | |
| 650 | 0 |
_aMCE _9379 |
|
| 942 |
_2ddc _cBK |
||
| 999 |
_c541458 _d541458 |
||